00441nam a2200169Ia 4500008004100000020002200041041000800063082001500071100001900086245004200105250000600147260006500153300001700218365001200235650001200247650001200259210719s2018 xx 000 0 und d a978-93-5260-517-0 aeng a574.5 JOSE aJOSEPH (Benny) aEnvironmental studies:simplified Ed 3 a3 aChennaibMcGraw Hill Education (India) Private Limitedc2018 axxii,244bPB b480cRs aEcology aEcology